Chémia pre 8. ročník základnej školy a 3. ročník gymnázia s osemročným štúdiom pracovný zošit

Bibliographic Details
Main Author: Vicenová, Helena (Author)
Format: Book
Language:Slovak
PhysicalDescription:48 strán fotografie, ilustrácie, tabuľky 30 cm
Published: Bratislava Expol pedagogika 2024
ISBN:9788082805065
Edition:Druhé vydanie
Subjects:

MARC

LEADER 00000cam a2200000 4500
001 vtls012268657
003 SK-MaSNL
005 20260302075545.0
008 241217s2024 xo ao crp 000 0 slo
015 |a SNBA2025/02 
020 |a 9788082805065  |q (brožované) 
040 |a SNK  |b slo  |c SNK  |e rda 
041 0 |a slo 
044 |a xo  |c SK 
072 7 |a 54  |x Chémia. Mineralogické vedy  |2 konspekt 
072 7 |a 37.016  |x Učebné osnovy. Vyučovacie predmety. Učebnice  |2 konspekt 
080 |a 54  |2 2011 
080 |a (075.2)  |2 2011 
080 |a (075.3)  |2 2011 
080 |a (076.1)  |2 2011 
100 1 |a Vicenová, Helena  |4 aut  |9 186112 
245 1 0 |a Chémia pre 8. ročník základnej školy a 3. ročník gymnázia s osemročným štúdiom  |b pracovný zošit  |c Helena Vicenová 
246 3 3 |a Chémia 8  |b pracovný zošit 
250 |a Druhé vydanie 
264 1 |a Bratislava  |b Expol pedagogika  |c 2024 
300 |a 48 strán  |b fotografie, ilustrácie, tabuľky  |c 30 cm 
336 |a text  |b txt  |2 rdacontent 
336 |a statický obraz  |b sti  |2 rdacontent 
337 |a bez média  |b n  |2 rdamedia 
338 |a zväzok  |b nc  |2 rdacarrier 
650 0 7 |a chémia  |2 SNKPH  |9 749 
650 0 7 |a Chemistry  |2 SNKPH  |9 265248 
655 7 |a učebnice základných škôl  |2 SNKPH  |9 70187 
655 7 |a učebnice stredných škôl  |2 SNKPH  |9 69323 
655 7 |a Secondary school textbooks  |2 SNKPHeng  |9 135487 
655 7 |a Textbooks (elementary)  |2 SNKPHeng  |9 276977 
655 7 |a pracovné zošity  |2 SNKPH  |9 70188 
655 7 |a Activity books  |2 SNKPHeng  |9 302885 
852 |a Slovenská národná knižnica 
919 |a 978-80-8280-506-5 
954 |a odborná, vedecká literatúra pôvodná (slovenská)  |2 lita 
999 |c 1169708  |d 1171638 
952 |a SNK  |b SNK  |y PREZ  |7 0  |p 17A1562830  |o snkSB 101014  |i snk2024/18619  |8 0  |0 0  |1 0  |4 0  |d 2024-12-17  |l 0  |r 2026-02-24 21:00:16  |w 2026-02-24 
952 |a SNK  |b SNK  |y VYP  |7 0  |p 17A1566075  |o snkSB 101014 D1  |i snk2025/4964  |8 0  |0 0  |1 0  |4 0  |d 2025-03-19  |l 0  |r 2026-02-24 21:00:16  |w 2026-02-24